Culture Générale - Série 2358 - Statistiques

Statistiques générales
  • Ce quiz a été pris 213 fois
  • Le résultat moyen est 8 sur 10
Statistiques - réponses
Question Réponse % Correct
Comment s'appelait Paris autrefois ? Lutèce
93%
Quel est l'arbre le plus répandu dans la forêt française ? chêne
90%
A Lyon, quel établissement est appelé "bouchon" ? restaurant
84%
En quelle année le droit de vote a-t-il été accordé aux femmes en France ? 1944
81%
Qui a reçu l'oscar de la meilleure actrice en 2008 pour son rôle dans le film "La môme" ? prénom et nom - voir photo Marion Cotillard
81%
Quelle est l'année des premiers congés payés en France ? 1936
77%
Quel oiseau est le symbole de l'Alsace ? cigogne
75%
En quelle année a été inauguré le tunnel sous la Manche ? 1994
74%
Au restaurant, quel personnage peut vous conseiller sur le choix des vins ? sommelier
73%
Quel animal a été réintroduit en 1980 dans les Vosges, Alpes et Jura ? lynx
41%
Aucun quiz correspondant
Distribution des résultats
% des personnes avec chaque résultat
Percentile par nombre de réponses
Votre historique - résultats
Vous n’avez pas pris ce quiz